Statistiques concernant Pays les plus proches du Kazakhstan

Cliquez ici pour prendre le quiz!

Statistiques générales

  • Ce quiz a été pris 116 fois
  • Le résultat moyen est 18 sur 20

Statistiques - réponses

kmpays% Correct
0Russie
99%
0Ouzbékistan
97%
0Chine
96%
342Iran
95%
0Turkménistan
93%
227Azerbaïdjan
92%
428Géorgie
92%
808Inde
92%
39Mongolie
92%
59Tadjikistan
92%
299Afghanistan
91%
533Arménie
91%
836Irak
91%
530Pakistan
91%
666Turquie
89%
0Kirghizistan
86%
1004Syrie
86%
476Ukraine
80%
1050Biélorussie
72%
1251Moldavie
52%

Distribution des résultats

Percentile par nombre de réponses

% des personnes avec chaque résultat

Votre développement - résultats

Vous n’avez pas pris ce quiz